A carregar...

Karnataka Sangeetha Charithram/

Detalhes bibliográficos
Autor principal: Raveendhranadh K T
Formato: Printed Book
Idioma:Malayalam
Publicado em: Grandhakarthaa, 1984.
LEADER 00476nam a22001337a 4500
008 150619b xxu||||| |||| 00| 0 mal d
082 |a 781.7542809 
100 |a Raveendhranadh K T 
245 |a Karnataka Sangeetha Charithram/  |c K T Raveendhranadh 
260 |b Grandhakarthaa,  |c 1984. 
300 |a 382p. 
942 |c BK 
999 |c 106577  |d 106577 
952 |0 1  |1 0  |4 1  |6 781_754280900000000_RAV_K_M  |7 0  |9 110297  |a UL  |b UL  |c ST1  |d 2015-06-19  |l 0  |o 781.7542809 RAV/K M  |p 52538  |r 2015-06-19  |v 31.00  |w 2015-06-19  |y BK